MARC details
| 000 -CABECERA |
| campo de control de longitud fija |
01154cam a2200277 a 4500 |
| 001 - NÚMERO DE CONTROL |
| campo de control |
000005964 |
| 003 - IDENTIFICADOR DEL NÚMERO DE CONTROL |
| campo de control |
DO-SdBNP |
| 005 - FECHA Y HORA DE LA ÚLTIMA TRANSACCIÓN |
| campo de control |
20251029134212.0 |
| 008 - DATOS DE LONGITUD FIJA--INFORMACIÓN GENERAL |
| campo de control de longitud fija |
780307s1976 ve b f000 0aspa d |
| 040 ## - FUENTE DE LA CATALOGACIÓN |
| Centro catalogador/agencia de origen |
DO-SdBNP |
| Lengua de catalogación |
spa |
| Centro/agencia transcriptor |
BNPHU |
| 082 ## - NÚMERO DE LA CLASIFICACIÓN DECIMAL DEWEY |
| Número de clasificación |
923.187 |
| Número de documento/Ítem |
P127d |
| 100 1# - ENTRADA PRINCIPAL--NOMBRE DE PERSONA |
| Nombre de persona |
Paez, José Antonio, |
| Fechas asociadas al nombre |
1790-1873. |
| 9 (RLIN) |
16804 |
| 245 10 - MENCIÓN DE TÍTULO |
| Título |
Documentos para la historia de la vida de Jose Antonio Paez / |
| Mención de responsabilidad, etc. |
prólogo Nicolas Perazzo ; compilación, selección y notas Manuel Pinto. |
| 260 ## - PUBLICACIÓN, DISTRIBUCIÓN, ETC. |
| Lugar de publicación, distribución, etc. |
Caracas : |
| Nombre del editor, distribuidor, etc. |
Congreso de la República, |
| Fecha de publicación, distribución, etc. |
1976. |
| 300 ## - DESCRIPCIÓN FÍSICA |
| Extensión |
v. ; |
| Dimensiones |
23 cm. |
| 490 1# - MENCIÓN DE SERIE |
| Mención de serie |
Biblioteca de la Academia Nacional de la Historia ; |
| 490 1# - MENCIÓN DE SERIE |
| Mención de serie |
Fuentes para la Historia Repúblicana de Venezuela |
| 500 ## - NOTA GENERAL |
| Nota general |
La biblioteca sólo posee el volumen 1. |
| 504 ## - NOTA DE BIBLIOGRAFÍA, ETC. |
| Nota de bibliografía, etc. |
Bibliografía: v. 1, p. 37-39. |
| 600 10 - PUNTO DE ACCESO ADICIONAL DE MATERIA--NOMBRE DE PERSONA |
| Nombre de persona |
Paez, José Antonio, |
| Fechas asociadas al nombre |
1790-1873. |
| 9 (RLIN) |
16805 |
| 650 #4 - PUNTO DE ACCESO ADICIONAL DE MATERIA--TÉRMINO DE MATERIA |
| Término de materia o nombre geográfico como elemento de entrada |
Presidentes |
| Subdivisión geográfica |
Venezuela |
| Subdivisión general |
Biografía. |
| 9 (RLIN) |
16806 |
| 651 #0 - PUNTO DE ACCESO ADICIONAL DE MATERIA--NOMBRE GEOGRÁFICO |
| Nombre geográfico |
Venezuela |
| Subdivisión general |
Historia |
| Subdivisión cronológica |
1830-1935 |
| 9 (RLIN) |
26230 |
| 700 1# - PUNTO DE ACCESO ADICIONAL--NOMBRE DE PERSONA |
| Nombre de persona |
Pinto C., Manuel, |
| Fechas asociadas al nombre |
1909- |
| 9 (RLIN) |
16807 |
| 830 #0 - PUNTO DE ACCESO ADICIONAL DE SERIE-TÍTULO UNIFORME |
| Título uniforme |
Biblioteca de la Academia Nacional de la Historia ; |
| Nombre de parte o sección de la obra |
Fuentes para la Historia Repúblicana de Venezuela |
| 9 (RLIN) |
16808 |
| 942 ## - ELEMENTOS DE PUNTO DE ACCESO ADICIONAL (KOHA) |
| Fuente del sistema de clasificación o colocación |
Dewey Decimal Classification |
| Tipo de ítem Koha |
Libro |